Statistieken voor Wat zijn de 15 Braziliaanse steden met de meeste inwoners?

Klik hier om de quiz te nemen!

Algemene statistieken

  • Deze quiz is 19 keer genomen
  • De gemiddelde score is 8 van 15

Antwoordstatistieken

HintAntwoord% Correct
3.039.444Brasilia
100%
6.520.266Rio de Janeiro
100%
12.106.920São Paulo
100%
2.130.264Manaus
86%
2.523.794Belo Horizonte
71%
1.908.359Curitiba
57%
1.484.941Porto Alegre
57%
1.452.275Belém
50%
2.627.482Fortaleza
50%
1.633.697Recife
50%
2.953.986Salvador da Bahia
43%
1.182.429Campinas
29%
1.091.868São Luís
29%
1.466.105Goiânia
21%
1.349.113Guarulhos
0%

Scoreverdeling

Percentiel versus Aantal Correcte Antwoorden

Procent van Mensen met Elke Score

Uw Scoregeschiedenis

U heeft deze quiz nog niet genomen